00981nam a22002777a 45000010005000000030006000050050017000110080041000280200017000690400029000860500014001150820019001291000018001482450091001662500054002572600037003113000045003485050008003935200124004015210021005255210020005466500038005666500031006046500026006357000042006615229FISKH20241120122538.0241120b cb ||||| |||| 00| 0 eng d a078073004997 aFISKHbengcFISKHdFISKH aE185.B567 a920.7208996073 aBolden, Tonya aAnd Not Afraid To Dare :bThe Stories of Ten African-American Women /cby Tonya Bolden aFirst Scholastic paperback printing, January 2003 aNew York : bScholastic ;c1998. a216 pages : billustrations ; c20 cm .  aZ  aBiographical portraits of ten African-American women including Leontyne Price, Toni Morrison, and Jackie Joyner-Kersee.8 a1170 bLexile 8 aZ bRaz-Plus  aJackie Joyner-Kerseevnon-fiction ashort storiesvnon-fiction afeminismvnon-fiction aParisi, Elizabeth B. eBook designer